|
|
|
|
| LEADER |
00000nab a2200000 a 4500 |
| 001 |
vtls008185382 |
| 003 |
SK-MaSNL |
| 005 |
20260303080351.0 |
| 008 |
050720c2005 xo wr|n|||||||000 b|slo |
| 015 |
|
|
|a SLLK2005
|2 sllk
|
| 038 |
|
|
|a SLLK
|
| 040 |
|
|
|a SLLK
|b slo
|c SLLK
|e AACR2
|
| 041 |
0 |
|
|a slo
|
| 044 |
|
|
|a xo
|c SK
|
| 080 |
|
|
|a 793.31.091.4
|2 UDC-MRF-SK2
|
| 245 |
0 |
0 |
|a Jubilujúci Ľubovňan
|c Text a foto (eo)
|
| 300 |
|
|
|b Fotogr.
|
| 610 |
2 |
7 |
|a Ľubovňan (folklórny súbor)
|2 snkbucl
|9 175791
|
| 650 |
0 |
7 |
|a folklórne súbory
|2 sllk
|9 28685
|
| 651 |
|
7 |
|a Stará Ľubovňa (Slovensko)
|2 sllk
|9 19193
|
| 773 |
0 |
|
|t Ľubovnianske noviny
|g Roč. XXXI, č. 15 (2005) s. 1 a 3
|
| 852 |
|
|
|a SLLK
|b KIS3GCP
|
| 999 |
|
|
|c 1780149
|d 1782079
|